000 00575nam a2200181 i 4500
001 66069
003 ES-MaACL
007 t|
008 040127s1953 sp ||||1| spa d
100 1 _aGabarret, Luciano.
_953122
245 1 0 _aManual de pirotecnia /
_cLuciano Gabarret.
260 _aBarcelona :
_bSintes,
_c1953 (
_ePalma de Mallorca :
_fFernando Soler Queralt)
300 _a196 p. :
_bil. ;
_c18 cm.
490 1 _aSelecta Enciclopedia Práctica
830 0 _aSelecta Enciclopedia Práctica
_9181339
852 _aES-MaACL
_jC-7960
_bR.35149
999 _c66069
_d66069